000 00354nam a22001337a 4500
008 230602b xxu||||| |||| 00| 0 eng d
020 _a9966467513
082 _a330.22
_bHIM
100 _cDavid Himbara
245 _aKenyan Capitalists, the state, and Development
260 _bEast African educational publisher ltd
300 _axi, 192p
942 _2ddc
_cBK
999 _c94
_d94